[Event "AUTO-ADV-3252"]
[Site "http://www.queenalice.com/game.php?id=1311721"]
[Date "2014.10.1"]
[Round "1"]
[White "chessman"]
[Black "dladuke7"]
[Result "1-0"]
[WhiteElo "2047"]
[BlackElo "1728"]

1. e4 e5 2. Nf3 Nc6 3. Bc4 h6 4. O-O Nf6 5. d3 Bc5 6. Nc3 d6 7. Re1 O-O 8. Be3
Bxe3 9. Rxe3 Bg4 10. h3 Bxf3 11. Qxf3 Nd4 12. Qd1 c6 13. Ne2 Nxe2+ 14. Rxe2 Nh5
15. Re1 Nf4 16. Qf3 Qg5 17. Kh2 b5 18. Bb3 a5 19. a3 a4 20. Ba2 h5 21. g3 Ng6
22. Re2 h4 23. Qf5 hxg3+ 24. fxg3 Qxf5 25. exf5 Ne7 26. g4 Nd5 27. d4 Nf4 28.
Re4 Rfe8 29. dxe5 Rxe5 30. Rxe5 dxe5 31. g5 Rd8 32. g6 Kh8 33. gxf7 c5 34. Be6
Kh7 35. Re1 g6 36. Rxe5 gxf5 37. Bxf5+ Kg7 38. Rxc5 Kxf7 39. Bd3 Nxd3 40. cxd3
Rxd3 41. Rxb5 Ke6 42. Rb4 Kd5 43. Rg4 Rb3 44. Rg2 Ke4 45. Rg4+ Kf3 46. Rg3+ 1-0

[Event "AUTO-ADV-3252"]
[Site "http://www.queenalice.com/game.php?id=1311722"]
[Date "2014.10.1"]
[Round "1"]
[White "dladuke7"]
[Black "chessman"]
[Result "1-0"]
[WhiteElo "1671"]
[BlackElo "2049"]

1. e4 e6 2. d4 d5 3. e5 c5 4. c3 cxd4 5. cxd4 Nc6 6. Bb5 Bd7 7. Nc3 Nge7 8. Nf3
Ng6 9. O-O Be7 10. Qd3 O-O 11. b3 a6 12. Bxc6 Bxc6 13. a4 Rc8 14. Ba3 Bxa3 15.
Rxa3 Qe7 16. Ra2 h6 17. Ne2 b5 18. axb5 Bxb5 19. Qd2 Qb7 20. Re1 Rc7 21. Nc3
Rfc8 22. Nxb5 axb5 23. h3 Ra8 24. Rea1 Rxa2 25. Rxa2 Qc6 26. Ne1 Ne7 27. Rc2 Qb6
28. Rxc7 Qxc7 29. Qb4 Qd7 30. Nc2 Nc8 31. Na3 Qc6 32. Qa5 Qc1+ 33. Kh2 Qf4+ 34.
Kg1 Qxd4 35. Qxb5 Qxe5 36. Nc4 dxc4 37. Qxe5 1-0

[Event "AUTO-ADV-3252"]
[Site "http://www.queenalice.com/game.php?id=1311737"]
[Date "2014.10.1"]
[Round "1"]
[White "jck2"]
[Black "dladuke7"]
[Result "1-0"]
[WhiteElo "1864"]
[BlackElo "1725"]

1. b4 e5 2. Bb2 e4 3. e3 d5 4. c4 c6 5. b5 Bd6 6. Bxg7 Bb4 7. Bxh8 Nf6 8. Bxf6
Qxf6 9. Nc3 Bxc3 10. dxc3 Nd7 11. Qd4 Ne5 12. f4 Nd3+ 13. Bxd3 Qxd4 14. cxd4 f5
15. Be2 Ke7 16. Nh3 Bd7 17. Rg1 Be8 18. a4 h5 19. Ng5 h4 20. g3 h3 21. cxd5 cxd5
22. Nxh3 b6 23. Ng5 Rc8 24. Kf2 Rc2 25. Rgc1 1-0

[Event "AUTO-ADV-3252"]
[Site "http://www.queenalice.com/game.php?id=1311738"]
[Date "2014.10.1"]
[Round "1"]
[White "dladuke7"]
[Black "jck2"]
[Result "1-0"]
[WhiteElo "1709"]
[BlackElo "1883"]

1. e4 g6 2. d4 Bg7 3. e5 d6 4. Bf4 dxe5 5. Bxe5 Bxe5 6. dxe5 Qxd1+ 7. Kxd1 Bf5
8. Nc3 Nc6 9. Bb5 a6 10. Bxc6+ bxc6 11. Nge2 Rd8+ 12. Kc1 Rd2 13. Kxd2 Nh6 14.
Ng3 Rg8 15. Nxf5 Nxf5 16. g3 e6 17. Ne4 Ke7 18. Nf6 Rh8 19. Rad1 Rd8+ 20. Kc3
1-0

[Event "AUTO-ADV-3252"]
[Site "http://www.queenalice.com/game.php?id=1311747"]
[Date "2014.10.1"]
[Round "1"]
[White "ALDROB"]
[Black "dladuke7"]
[Result "1-0"]
[WhiteElo "1768"]
[BlackElo "1715"]

1. d4 d5 2. c4 Nf6 3. Nc3 e6 4. Bg5 Bb4 5. Qc2 Nc6 6. e3 O-O 7. Bd3 g6 8. Ne2
Be7 9. Bh6 Re8 10. Nf4 Ne4 11. Nxe4 dxe4 12. Bxe4 Bg5 13. Bxg5 Qxg5 14. a3 Bd7
15. O-O-O Ne7 16. h4 Qa5 17. Rd3 Qa4 18. Qxa4 Bxa4 19. b3 Bc6 20. d5 exd5 21.
cxd5 Bb5 22. Rc3 Rac8 23. Bf3 Nf5 24. e4 Nd4 25. Bg4 Rcd8 26. Rxc7 Nxb3+ 27. Kb2
Nd4 28. Rhc1 h5 29. Bxh5 gxh5 30. Nxh5 Rxe4 31. Nf6+ Kg7 32. Nxe4 Rxd5 33. Rxb7
a5 34. Ng5 Kg6 35. Nxf7 Ne2 36. Rc2 Nf4 37. Nh8+ Kh5 38. g3 Nd3+ 39. Ka1 Kg4 40.
Rh7 Kf3 41. Nf7 Nxf2 42. Rg7 Rd1+ 43. Ka2 Ba4 44. Rc3+ Kg2 45. Rg5 Rd2+ 46. Kb1
Ne4 47. Rc4 Nxg5 48. hxg5 Bb3 49. Rc7 Kxg3 50. g6 Bxf7 51. Rxf7 Rd8 52. Ra7 Rg8
53. g7 Kf4 54. Kb2 Kf5 55. Kb3 Rb8+ 56. Ka4 Kf6 57. Kxa5 Rg8 58. Kb6 Rxg7 59.
Rxg7 1-0

[Event "AUTO-ADV-3252"]
[Site "http://www.queenalice.com/game.php?id=1311748"]
[Date "2014.10.1"]
[Round "1"]
[White "dladuke7"]
[Black "ALDROB"]
[Result "0-1"]
[WhiteElo "1714"]
[BlackElo "1850"]

1. e4 c5 2. d4 cxd4 3. Qxd4 Nc6 4. Qd1 Nf6 5. Nc3 h6 6. Be3 e5 7. Bc4 Nxe4 8.
Nxe4 f5 9. Nc3 f4 10. Bd2 a6 11. Nf3 Bc5 12. Ne4 Qb6 13. O-O Be7 14. Bc3 d6 15.
Qd5 Rf8 16. Nxd6+ Bxd6 17. Rfe1 Ne7 18. Qa5 Qxa5 19. Bxa5 Bg4 20. Nd2 Nc6 21.
Bb6 Kd7 22. Ne4 Nb4 23. Bb3 Rac8 24. Ba4+ Ke6 25. c3 Nd3 26. Re3 fxe3 27. f3
Bxf3 28. Nxd6 Kxd6 29. gxf3 Rxf3 30. Rd1 e4 31. Bc2 e2 32. Bf2 exd1=Q+ 33. Bxd1
Rxf2 34. Bg4 Rcf8 0-1

[Event "AUTO-INT-2907"]
[Site "http://www.queenalice.com/game.php?id=1311945"]
[Date "2014.10.2"]
[Round "1"]
[White "piemme"]
[Black "dladuke7"]
[Result "1-0"]
[WhiteElo "1697"]
[BlackElo "1699"]

1. e4 e5 2. Qh5 Nc6 3. Bc4 g6 4. Qf3 Nf6 5. d3 Nd4 6. Qd1 a6 7. Bg5 Be7 8. c3
Ne6 9. Nf3 Ng4 10. Bxe7 Qxe7 11. h3 Nf6 12. Nxe5 d6 13. Nf3 Nc5 14. Nbd2 Be6 15.
Bxe6 Qxe6 16. Qc2 O-O 17. b4 Nh5 18. bxc5 d5 19. Qb3 Qc6 20. exd5 Qxc5 21. c4
Rfe8+ 22. Ne4 Nf4 23. O-O f5 24. Nxc5 b6 25. Na4 Kf7 26. Ng5+ Kg7 27. Ne6+ Kh6
28. Nxc7 Re2 29. Nxa8 Rd2 30. Qxb6 Rxd3 31. d6 a5 32. Qd8 Ne6 33. Qh4+ Kg7 34.
Rfe1 Rxd6 35. Qe7+ 1-0

[Event "AUTO-INT-2907"]
[Site "http://www.queenalice.com/game.php?id=1311946"]
[Date "2014.10.2"]
[Round "1"]
[White "dladuke7"]
[Black "piemme"]
[Result "1/2-1/2"]
[WhiteElo "1681"]
[BlackElo "1713"]

1. e4 e5 2. Nf3 d6 3. h3 Nf6 4. Nc3 Be7 5. Bc4 O-O 6. d3 a6 7. O-O b5 8. Bb3 b4
9. Nd5 c6 10. Nxe7+ Qxe7 11. Bd2 a5 12. Ba4 c5 13. b3 Bd7 14. Bxd7 Nbxd7 15. Bg5
h6 16. Bxf6 Nxf6 17. Nh4 Nxe4 18. dxe4 Qxh4 19. Qxd6 Qxe4 20. Qxc5 f6 21. Rfe1
Qb7 22. Rad1 Rfc8 23. Qd5+ Qxd5 24. Rxd5 Rxc2 25. Ra1 Kh7 26. Kf1 g5 27. Ke1 Kg6
28. g4 Ra7 29. Rd2 Rc3 30. Rad1 Rxh3 31. Rd7 Ra8 32. R1d5 Rh1+ 33. Ke2 Ra1 34.
Rd2 Rg1 35. f3 Rg2+ 1/2-1/2

[Event "AUTO-OPEN-3368"]
[Site "http://www.queenalice.com/game.php?id=1317917"]
[Date "2014.10.26"]
[Round "1"]
[White "jupar"]
[Black "dladuke7"]
[Result "1-0"]
[WhiteElo "1941"]
[BlackElo "1693"]

1. e4 e5 2. Nf3 Nc6 3. Nc3 Nf6 4. d4 exd4 5. Nxd4 Nxd4 6. Qxd4 Qe7 7. Bd3 Qc5 8.
Be3 Qxd4 9. Bxd4 Bb4 10. O-O d6 11. Nd5 Nxd5 12. exd5 O-O 13. c3 Bc5 14. Be3 Re8
15. Bxc5 dxc5 16. Rfe1 Rxe1+ 17. Rxe1 Bg4 18. c4 a5 19. h3 Bh5 20. g4 Bg6 21.
Bxg6 hxg6 22. Re7 Rc8 23. f4 f5 24. Kf2 fxg4 25. hxg4 g5 26. f5 Kf8 27. Re6 c6
28. d6 Rd8 29. a4 Kf7 30. Ke3 g6 31. Rxg6 Re8+ 32. Kd3 b6 33. Rxg5 Kf6 34. Rg6+
Kf7 35. b3 Rd8 36. Re6 Rd7 37. g5 Rd8 38. g6+ Kg7 39. Ke4 b5 40. Kf4 bxa4 41.
bxa4 1-0

[Event "AUTO-OPEN-3368"]
[Site "http://www.queenalice.com/game.php?id=1317918"]
[Date "2014.10.26"]
[Round "1"]
[White "dladuke7"]
[Black "jupar"]
[Result "0-1"]
[WhiteElo "1680"]
[BlackElo "1931"]

1. e4 e5 2. Nf3 Nc6 3. Nc3 Nf6 4. Bc4 Nxe4 5. Nxe4 d5 6. Bb5 dxe4 7. Nxe5 Bd7 8.
Nxf7 Kxf7 9. Qh5+ g6 10. Qd5+ Be6 11. Qxe4 Qd5 12. Qf4+ Ke8 13. Bc4 Qxc4 14.
Qxc4 Bxc4 15. d3 Bb4+ 16. Bd2 Bxd2+ 17. Kxd2 Bd5 18. Rae1+ Kd7 19. f3 Rae8 20.
c4 Bf7 21. Kc3 a6 22. b4 Rxe1 23. Rxe1 Re8 24. Rd1 Re2 25. b5 axb5 26. cxb5 Na5
27. a4 Rxg2 28. Kb4 b6 29. d4 Bd5 30. f4 Rxh2 31. Kc3 Rh3+ 32. Kb2 Re3 0-1

[Event "AUTO-OPEN-3368"]
[Site "http://www.queenalice.com/game.php?id=1317935"]
[Date "2014.10.26"]
[Round "1"]
[White "mouderjr"]
[Black "dladuke7"]
[Result "0-1"]
[WhiteElo "1904"]
[BlackElo "1668"]

1. d4 d5 2. c4 dxc4 3. a4 Bf5 4. Nc3 e6 5. e4 Bg6 6. Bxc4 Bb4 7. Ne2 Bxe4 8. O-O
Bxc3 9. bxc3 Nd7 10. f3 Bd5 11. Bxd5 exd5 12. Nf4 Ne7 13. Re1 O-O 14. Ba3 Re8
15. Qb3 Nb6 16. Re2 Ng6 17. Rxe8+ Qxe8 18. Nd3 Qe3+ 19. Nf2 Nf4 20. Rf1 Re8 21.
Qc2 Qe1 22. g3 Ne2+ 23. Kg2 Qxc3 24. Qa2 Nc4 0-1

[Event "AUTO-OPEN-3368"]
[Site "http://www.queenalice.com/game.php?id=1317936"]
[Date "2014.10.26"]
[Round "1"]
[White "dladuke7"]
[Black "mouderjr"]
[Result "0-1"]
[WhiteElo "1687"]
[BlackElo "1834"]

1. e4 e5 2. Nf3 d6 3. h3 Nf6 4. Nc3 Be7 5. Bc4 O-O 6. d3 Nc6 7. O-O Bd7 8. Be3
a6 9. Nh4 b5 10. Bb3 Na5 11. Nf5 Bxf5 12. exf5 Nxb3 13. axb3 c5 14. Ne2 d5 15.
c3 d4 16. cxd4 cxd4 17. Bd2 Re8 18. Ng3 Bd6 19. Bg5 Be7 20. Bxf6 Bxf6 21. Ne4
Rc8 22. Rxa6 Qe7 23. Nd6 Ra8 24. Rxa8 Rxa8 25. Nxb5 Qd7 26. Na3 Qxf5 27. b4 Be7
28. b5 Bc5 29. Qb3 Bb6 30. Qd5 Rc8 31. Nc2 Qxd3 32. Nb4 Qd2 33. Nc6 Qg5 34. Qd7
Rf8 35. Re1 e4 36. Nxd4 Qd2 37. Re2 Qd1+ 38. Kh2 Bxd4 39. Rxe4 Be5+ 40. Rxe5
Qxd7 0-1

[Event "AUTO-ADV-3271"]
[Site "http://www.queenalice.com/game.php?id=1317953"]
[Date "2014.10.26"]
[Round "1"]
[White "lesoleil"]
[Black "dladuke7"]
[Result "1-0"]
[WhiteElo "1877"]
[BlackElo "1691"]

1. d4 d5 2. c4 Nf6 3. Nc3 c6 4. e3 e6 5. Nf3 Bb4 6. Bd2 O-O 7. Bd3 Ne4 8. Nxe4
Bxd2+ 9. Qxd2 Nd7 10. Nd6 dxc4 11. Bxc4 Qc7 12. Nxf7 Kxf7 13. Ng5+ Ke8 14. Nxe6
Qd6 15. Nxg7+ Kd8 16. e4 Nb6 17. b3 Nxc4 18. bxc4 Qg6 19. Nf5 Re8 20. Qf4 Bxf5
21. O-O Rxe4 22. Qd2 Kc7 23. f3 Ree8 24. Rfe1 Bh3 25. Qf4+ Kd8 26. Qh4+ Kc7 27.
Qxh3 Rg8 28. Re7+ Kb6 29. f4 Qf6 30. Qb3+ Ka6 31. Qa4+ Kb6 32. c5# 1-0

[Event "AUTO-ADV-3271"]
[Site "http://www.queenalice.com/game.php?id=1317954"]
[Date "2014.10.26"]
[Round "1"]
[White "dladuke7"]
[Black "lesoleil"]
[Result "0-1"]
[WhiteElo "1701"]
[BlackElo "1855"]

1. e4 c5 2. d4 cxd4 3. Qxd4 Nc6 4. Qd1 e5 5. Nf3 Nf6 6. Nc3 Bc5 7. Bg5 d6 8. Nd5
Be6 9. Bb5 a6 10. Bxc6+ bxc6 11. Nc3 Bc4 12. b3 Bb4 13. a3 Bxc3+ 14. Bd2 Bxa1
15. Qxa1 Be6 16. O-O h6 17. a4 Nxe4 18. Bb4 Rb8 19. Ba3 Bg4 20. Ne1 Be2 21. f3
Bxf1 22. Kxf1 Nd2+ 23. Kf2 Qh4+ 24. Kg1 Qf4 25. Bc1 Qe3+ 26. Kh1 Qxe1# 0-1

[Event "AUTO-ADV-3271"]
[Site "http://www.queenalice.com/game.php?id=1317969"]
[Date "2014.10.26"]
[Round "1"]
[White "chaosagent"]
[Black "dladuke7"]
[Result "1-0"]
[WhiteElo "1833"]
[BlackElo "1680"]

1. e4 e5 2. Nf3 Nc6 3. Bb5 Nd4 4. Nxd4 exd4 5. O-O c6 6. Ba4 b5 7. Bb3 a5 8. a3
a4 9. Ba2 Nf6 10. e5 Nd5 11. Bxd5 cxd5 12. Qf3 Bb7 13. c3 dxc3 14. dxc3 Qc8 15.
Bg5 d4 16. Qd3 Bc5 17. Qxb5 Bc6 18. Qc4 Bb7 19. cxd4 Be7 20. Qc1 Bxg5 21. Qxg5
O-O 22. Nc3 Bc6 23. Rac1 Qd8 24. Qg3 Bb7 25. d5 Ba6 26. Rfe1 Bc4 27. d6 Bb3 28.
Re4 Re8 29. Qf4 f6 30. Rce1 Bc2 31. Rb4 Rxe5 32. Rxe5 fxe5 33. Qxe5 Bb3 34. Qe4
Qg5 35. Qxa8+ Kf7 36. h3 Qc1+ 37. Kh2 Qxb2 38. Qf3+ Ke6 39. Nxa4 Qe5+ 40. Qf4
Qxf4+ 41. Rxf4 Kxd6 42. Nc3 Ke6 43. Rb4 Bc2 44. a4 Bd3 45. a5 Kd6 46. Rb6+ Kc7
47. Nd5+ Kd8 48. Rb8# 1-0

[Event "AUTO-ADV-3271"]
[Site "http://www.queenalice.com/game.php?id=1317970"]
[Date "2014.10.26"]
[Round "1"]
[White "dladuke7"]
[Black "chaosagent"]
[Result "0-1"]
[WhiteElo "1696"]
[BlackElo "1810"]

1. e4 c6 2. d4 d5 3. e5 Bf5 4. Bd3 e6 5. Bxf5 exf5 6. Nf3 Nd7 7. Nc3 Bb4 8. Bd2
Ne7 9. O-O O-O 10. Bg5 h6 11. Bxe7 Qxe7 12. a3 Ba5 13. b4 Bb6 14. Na4 f6 15.
Nxb6 Nxb6 16. Nh4 fxe5 17. Re1 e4 18. Ng6 Qf6 19. Nxf8 Rxf8 20. c3 Nc4 21. Qa4
a6 22. Qc2 Re8 23. a4 Re6 24. a5 f4 25. Kf1 e3 26. fxe3 fxe3+ 27. Kg1 Re4 28.
Rf1 Qg5 29. g3 Nd2 30. Rfd1 e2 31. Kg2 exd1=Q 32. Qxd1 Nc4 33. Ra2 Ne3+ 0-1

[Event "AUTO-ADV-3271"]
[Site "http://www.queenalice.com/game.php?id=1317981"]
[Date "2014.10.26"]
[Round "1"]
[White "dladuke7"]
[Black "agilulfo"]
[Result "0-1"]
[WhiteElo "1689"]
[BlackElo "1880"]

1. e4 c5 2. d4 cxd4 3. Qxd4 Nc6 4. Qd1 d6 5. Bb5 a6 6. Bxc6+ bxc6 7. Nf3 Nf6 8.
O-O Nxe4 9. Bd2 Nxd2 10. Nbxd2 Bg4 11. c3 g6 12. Qa4 Bd7 13. Rfe1 c5 14. Qe4 Bg7
15. Nc4 O-O 16. Qh4 d5 17. Nce5 Bxe5 18. Rxe5 e6 19. Ng5 h5 20. Re3 c4 21. Rf3
f6 22. Nh3 Rb8 23. Rb1 e5 24. Kf1 e4 25. Re3 Bxh3 26. Qxh3 a5 27. a4 Kg7 28. Rg3
f5 29. f4 d4 30. cxd4 Qxd4 31. Re3 Rxb2 32. Rxb2 Qxb2 33. Rc3 Rd8 34. Re3 Rd1+
35. Re1 Rxe1+ 36. Kxe1 c3 37. Qe3 c2 0-1

[Event "AUTO-ADV-3271"]
[Site "http://www.queenalice.com/game.php?id=1317982"]
[Date "2014.10.26"]
[Round "1"]
[White "agilulfo"]
[Black "dladuke7"]
[Result "1-0"]
[WhiteElo "1949"]
[BlackElo "1685"]

1. d4 d5 2. c4 dxc4 3. e3 b5 4. a4 Ba6 5. axb5 Bxb5 6. Na3 a6 7. Nxb5 Nd7 8. Nc3
e6 9. Bxc4 Bb4 10. Rxa6 Rxa6 11. Bxa6 Qa8 12. Bb5 Nf6 13. Qa4 Bxc3+ 14. bxc3 O-O
15. Bxd7 Nxd7 16. Qxd7 Qa1 17. Ne2 Qa5 18. O-O h6 19. Qe7 Qa6 20. Ng3 Qd3 21.
Qxc7 g6 22. c4 g5 23. c5 Qc4 24. Ba3 Qb3 25. Qa5 Kg7 26. c6 Rc8 27. Qa6 Qb8 28.
Bd6 Qa8 29. Qxa8 Rxa8 30. c7 Kf6 31. Rc1 Rc8 32. Rb1 1-0

[Event "Challenge"]
[Site "http://www.queenalice.com/game.php?id=1325381"]
[Date "2014.12.1"]
[Round "-"]
[White "dladuke7"]
[Black "JORAM2205"]
[Result "0-1"]
[WhiteElo "1710"]
[BlackElo "1760"]

1. e4 e5 2. Nf3 d6 3. h3 Nf6 4. Nc3 Be6 5. Bb5+ Nfd7 6. O-O c6 7. Ba4 Be7 8. d3
Nc5 9. Bb3 Nxb3 10. axb3 c5 11. Be3 h6 12. Nd5 Bxd5 13. exd5 Nd7 14. c4 a5 15.
Bd2 Qb6 16. Qe1 Qxb3 17. Bxa5 Qxd3 18. Bc3 Rxa1 19. Qxa1 O-O 20. Qa4 Nb6 21. Qa7
Nxc4 22. Qxb7 Bf6 23. Ne1 Qf5 24. Qa6 Qe4 25. b3 Rd8 26. bxc4 Bg5 27. Nf3 Bf6
28. Ba5 Rb8 29. Qxd6 Rb2 30. Qxc5 Kh7 31. d6 Qd3 32. Qc6 e4 33. Ne1 Qa3 34. Bc7
e3 35. fxe3 Qxe3+ 36. Rf2 Qxf2+ 0-1